000 01334nam a22002777a 4500
005 20251126080614.0
008 251126b ||||| |||| 00| 0 spa d
020 _a9789587537154
020 _a9789587537161
040 _aCO-BoUCM
_cDavid Moreno
_dDavid Moreno
041 _aspa
110 2 _aMinisterio de las Culturas, las Artes y los Saberes (Colombia)
_9187344
245 1 0 _aEscritos sobre Pequeño Teatro
_cEl ministerio
250 _a1a.Ed
260 _aMedellín, Colombia
_bMinisterio de las Culturas, las Artes y los Saberes
_c2023
300 _a350 paginas
_bilustraciones
500 _aObra colectiva publicada por el Ministerio de las Culturas, las Artes y los Saberes.
500 _aContiene información institucional, créditos y textos relacionados con la actividad del Pequeño Teatro.
520 _aCompilación de escritos y materiales sobre el Pequeño Teatro de Medellín, su historia, grupos artísticos y producción cultural.
650 1 4 _aTeatro latinoamericano
_xHistoria y crítica
_9187345
650 1 4 _aTeatro colombiano
_xInstituciones culturales
_9187346
650 1 4 _aArte dramático
_xEstudios y análisis
_9187347
710 2 _aPequeño Teatro (Medellín, Colombia), entidad creativa
_9187348
942 _2DEWEY
_a17
_cLIBRO
_e1
_h792.09
_mM665e
_n0
999 _c325919
_d325919